LEADER 01255nam a2200289 u 4500 001 000000079394 003 CaOOAMICUS 005 20070226123532.0 008 040601s2002 it u000 u ita u 020 $a8842057053 035 $a10997456 040 $aPUL$bita 100 1 $aPerissinotto, Luigi.$0(OLS)http://pul/name/42923 245 13$aLe vie dell'interpretazione nella filosofia contemporanea /$cLuigi Perissinotto. 260 $aRoma :$bG. Laterza & Figli,$c2002. 300 $axiv, 177 p. ;$c21 cm 490 1 $aBiblioteca di Cultura Moderna ;$v1159 504 $a"Bibliografia": p. 165-174. 650 4$aFilosofia contemporanea.$0(OLS)http://pul/subject/8502 650 4$aErmeneutica.$0(OLS)http://pul/subject/438 830 0$aBiblioteca di cultura moderna (Editori Laterza) ;$v1159.$0(OLS)http://pul/title/3128 850 $aPUL 852 $aPUL$W1$xSL Filosofia 3$y81$m121. 6 PERLU 1$j120252$nBK-PRI$qDDC 21$B101603$CPULBib$Z2$F101603 $H94707 $82 941 1 $a9 996 $6020$a8842057053$9(OLS)http://pul/number/104357 996 $6245$aLe vie dell'interpretazione nella filosofia contemporanea$9(OLS)http://pul/title/103968 996 $6260$aRoma :$bG. Laterza & Figli$9(OLS)http://pul/publisher/75627 LEADER 01719nam a2200373 a 4500 001 000000134181 003 CaOOAMICUS 005 20130531101132.0 008 130531s2002 it u000 u ita r 020 $a88-459-0543-8 040 $aPUL$bita 041 0 $aita$hger 100 1 $aNietzsche, Friedrich Wilhelm,$d1844-1900.$0(OLS)http://pul/name/664 240 10$aGötzen Dämmerung oder Wie man mit Hammer philosophirt.$lItaliano.$0(OLS)http://pul/title/169633 245 10$aCrepuscolo degli idoli ovvero Come si filosofa col martello /$cFriedrich Nietzsche ; nota introduttiva di Mazzino Montinari ; traduzione di Ferruccio Masini. 246 33$aCome si filosofa col martello 250 $a8. ed. 260 $aMilano :$bAdelphi,$c2002. 300 $a184 p. ;$c18 cm 490 1 $aPiccola biblioteca Adelphi ;$v154 504 $aBibliografia in nota. 650 4$aFilosofia$ySec. XIX.$0(OLS)http://pul/subject/4784 700 1 $aMontinari, Mazzino.$0(OLS)http://pul/name/23175 700 1 $aMasini, Ferruccio,$d1938-1988.$0(OLS)http://pul/name/5691 830 0$aPiccola biblioteca Adelphi ;$v154.$0(OLS)http://pul/title/37100 850 $aPUL 852 $aPUL$W1$xDP1 Fondo E. Rossi$y115$m1 N 28$j154264$qFondi$q $B153817$CPULBib$Z2$F153817 $Hnull $81 941 1 $a1 961 $aSul dorso collocazione ms. di E. Rossi: N 17 1 996 $6020$a88-459-0543-8$9(OLS)http://pul/number/152901 996 $6245$aCrepuscolo degli idoli ovvero Come si filosofa col martello$9(OLS)http://pul/title/169634 996 $6246$aCome si filosofa col martello$9(OLS)http://pul/title/169635 996 $6260$aMilano :$bAdelphi$9(OLS)http://pul/publisher/51018